Indonesian cities - sudden death - Statistics

General Stats
  • This quiz has been taken 466 times
  • The average score is 11 of 16
Answers on the Grid
Answers color-coded by a green-red scale on the quiz's grid according to % correct below.
Jakarta
Manila
Osaka
Kuala Lumpur
Bangkok
Denpasar
Bandung
Surabaya
Singapore
Prague
Phnom Penh
Port Moresby
Padang
Peshawar
Paramaribo
Palembang
Pontianak
Pekanbaru
Palikir
Makassar
Malacca
Bandar Seri Begawan
Bandar Lampung
Kota Kinabalu
Mataram
Dili
Samarinda
Kendari
Keelung
Ambon
Batam
Semarang
 
Answer Stats
Answer % Correct
Jakarta
98%
Surabaya
85%
Bandung
82%
Denpasar
82%
Padang
80%
Palembang
76%
Makassar
73%
Pekanbaru
69%
Semarang
69%
Bandar Lampung
64%
Batam
64%
Pontianak
61%
Mataram
59%
Ambon
54%
Samarinda
51%
Kendari
48%
No matching quizzes found
Score Distribution
Percent of People with Each Score
Percentile by Number Answered
Your Score History
You have not taken this quiz